Movies Quiz

Random Movies or Role Quiz
Score 0/24 Timer 15:00
0 Plays Today
Year Answer % Correct
2012Wreck-It Ralph
100%
2018Ralph Breaks the Internet
100%
2010Despicable Me
88.9%
2014Cooties
88.9%
2011Phineas and Ferb: Across the 2nd Dimension
77.8%
2017Smurfs: The Lost Village
77.8%
2006Talladega Nights: The Ballad of Ricky Bobby
66.7%
2015Bad Night
44.4%
2007Walk Hard: The Dewey Cox Story
33.3%
2016Odd Squad: The Movie
33.3%
2018Dude
33.3%
2004Blackballed: The Bobby Dukes Story
22.2%
Year Answer % Correct
2010Cats & Dogs: The Revenge of Kitty Galore
22.2%
2017We Love You, Sally Carmichael!
22.2%
2001Danny's Wish
11.1%
2005The Baxter
11.1%
2012A Thousand Words
11.1%
2013Movie 43
11.1%
2013Savannah
11.1%
2013The To Do List
11.1%
2014They Came Together
11.1%
2008Forgetting Sarah Harshall
0%
2012The Campaign
0%
2012The Brass Teapot
0%
Come Together.
Have Fun.
All Virtual.
We all need to come together. Play Sporcle's virtual live trivia to have fun, connect with people, and get your trivia on. Join a live hosted trivia game for your favorite pub trivia experience done virtually. If a virtual private party is more your thing, go here for details.

You're not logged in!

Compare scores with friends on all Sporcle quizzes.
OR
Log In

Sporcle TV

Today on Sporcle TV


Watch our educational content, quiz creation guides, and fun videos on Sporcle TV.

Show Comments

Extras

Top Quizzes Today


Score Distribution

Paid Content

Your Account Isn't Verified!

In order to create a playlist on Sporcle, you need to verify the email address you used during registration. Go to your Sporcle Settings to finish the process.

Report this User

Report this user for behavior that violates our Community Guidelines.

Details: